| 000 | 00546nam a2200181 i 4500 | ||
|---|---|---|---|
| 001 | bg | ||
| 100 | 1 | _aMARCINIAK, Marian. | |
| 245 | 1 | 0 |
_aSłownik angielsko-polski dla informatyków / _cMarian Marciniak, Jacek Szaniawski. |
| 260 |
_aWarszawa ; _bWydawnictwa Naukowo-Techniczne, _c1990. |
||
| 650 | 9 | _aSłownik angielsko-polski | |
| 650 | 9 |
_aInformatyka _xterminologia |
|
| 700 | 1 | _aSZANIAWSKI, Jacek. | |
| 040 | _cBPK | ||
| 041 | _apol | ||
| 080 | _a004:811.111::811.162.1]'374 | ||
| 942 | _cKS | ||
| 008 | s pl f |000 0 pol | ||
| 999 |
_c29375 _d29375 |
||